000 00402nam a2200133Ia 4500
008 230704s9999 xx 000 0 und d
020 _a9789392019005
100 _aDAMIR, SHIPRA
245 0 _aTEXTBOOK OF APPLIED ANATOMY & PHYSIOLOGY FOR NURSES (B.SC NURSING STUDENTS)
260 _bBOOKERA PUBLISHERS & DISTRIBUTORS, JAIPUR
_c2021
300 _a580
650 _aAnatomy & Physiology
942 _cBK
999 _c216370
_d216370